| 000 | 03625nam a22002417a 4500 | ||
|---|---|---|---|
| 999 |
_c10390 _d10390 |
||
| 001 | 10390 | ||
| 003 | BD-JhCC | ||
| 005 | 20220426134022.0 | ||
| 008 | 180425b2017 bg ||||| |||| 00| 0 eng d | ||
| 020 | _a9789849280224 | ||
| 035 | _a(BD-JhCC)10390 | ||
| 040 |
_aBD-JhCC _dBD-JhCC |
||
| 041 | _aeng | ||
| 082 |
_a891.443 _bHOS 2017 |
||
| 100 | _aহোসাইন, সাদাত | ||
| 245 |
_aমানবজনম / _cসাদাত হোসাইন |
||
| 260 |
_aঢাকা : _bভাষাচিত্র, _c2017. |
||
| 300 |
_a527 p. : _c22 cm. |
||
| 520 | _aসাদাত হোসাইন স্নাতকোত্তর- নৃবিজ্ঞান, জাহাঙ্গীরনগর বিশ্ববিদ্যালয় দুটো ইচ্ছে নিয়ে স্বপ্নযাত্রার শুরু। এক- খেয়ানৌকার মাঝি হওয়া, দুই- নিজের নামটি ছাপার অক্ষরে দেখতে পাওয়া। মাদারীপুরের কালকিনি থানার কয়ারিয়া নামের যে গ্রামে জন্ম, তার পাশ দিয়েই তিরতির করে বয়ে গেছে ছোট্ট এক নদী। খেয়ানৌকার মাঝি হওয়ার স্বপ্নটা তাই সত্যি হওয়াই ছিল সহজ। কিন্তু হলো উল্টোটা। পূরণ হলো দ্বিতীয় স্বপ্নটি! সাদাত হোসাইন হয়ে গেলেন লেখক। এ পর্যন্ত তার প্রকাশিত বইয়ের সংখ্যা ছয়। লিখেছেন, কবিতা, ছোটগল্প, উপন্যাস। যা প্রশংসা কুঁড়িয়েছে পাঠক মহলে। ‘আরশিনগর’ এবং ‘অন্দরমহল’ নামের দীর্ঘ কলেবরের উপন্যাস দুটি রীতিমত চমকে দিয়েছে পাঠকদের। শুধু লেখালেখিই নয়, দুর্দান্ত আলোকচিত্রী সাদাত হোসাইন নিজের স্বপ্নের সীমানাটাকে বাড়িয়ে নিয়ে গেলেন স্বল্পদৈর্ঘ্য চলচ্চিত্র নির্মাণেও। তার নির্মিত ‘বোধ’ ও ‘দ্যা শ্যুজ’ নামের নির্বাক স্বল্পদৈর্ঘ্য চলচ্চিত্র দুটি প্রশংসার ঝড় তুলেছে বিশ্বব্যাপী। কাজ করছেন একাধিক নতুন ফিল্ম নিয়ে। সাদাত হোসাইনের জগত জুড়ে অমিত স্বপ্নের বসবাস। সেই স্বপ্নের সবটা ছুঁয়ে ছুটে যেতে চান অবিরাম। সম্প্রতি আলোকচিত্র, লেখালেখি এবং স্বল্পদৈর্ঘ্য চলচ্চিত্রের জন্য জিতেছেন ‘জুনিয়র চেম্বার ইন্টারন্যশনাল অ্যাওয়ার্ড’। | ||
| 650 | _aNovel | ||
| 942 |
_2ddc _cBK _08 |
||